How to train your dragon (Record no. 922)

MARC details
000 -LEADER
fixed length control field 02564cgm a2200565Ia 4500
003 - CONTROL NUMBER IDENTIFIER
control field data
005 - DATE AND TIME OF LATEST TRANSACTION
control field 20260322212039.0
007 - PHYSICAL DESCRIPTION FIXED FIELD--GENERAL INFORMATION
fixed length control field data
008 - FIXED-LENGTH DATA ELEMENTS--GENERAL INFORMATION
fixed length control field data
020 ## - INTERNATIONAL STANDARD BOOK NUMBER
International Standard Book Number 1415755469
020 ## - INTERNATIONAL STANDARD BOOK NUMBER
International Standard Book Number 9781415755464
024 10 - OTHER STANDARD IDENTIFIER
Standard number or code 097361196947
024 1# - OTHER STANDARD IDENTIFIER
Standard number or code 097361196961
028 42 - PUBLISHER OR DISTRIBUTOR NUMBER
Publisher or distributor number 119694
Source DreamWorks Pictures
037 ## - SOURCE OF ACQUISITION
Source of stock number/acquisition Midwest Tape
Note http://www.midwesttapes.com
040 ## - CATALOGING SOURCE
Original cataloging agency TEFMT
Transcribing agency TEFMT
Modifying agency GK8
-- TEF
-- OCL
-- BKX
-- MR0
-- GK8
041 1# - LANGUAGE CODE
Language code of text/sound track or separate title spa
-- fre
-- spa
Language code of subtitles spa
-- fre
-- spa
Language code of original eng
043 ## - GEOGRAPHIC AREA CODE
Geographic area code ev-----
082 04 - DEWEY DECIMAL CLASSIFICATION NUMBER
Classification number 791.43/72
Edition information 22
090 ## - LOCALLY ASSIGNED LC-TYPE CALL NUMBER (OCLC); LOCAL CALL NUMBER (RLIN)
Classification number (OCLC) (R) ; Classification number, CALL (RLIN) (NR) DVD 632
001 - CONTROL NUMBER
control field data
245 10 - TITLE STATEMENT
Title How to train your dragon
Medium [videorecording (DVD)] /
Statement of responsibility, etc. Chris Sanders ... [et al.].
260 ## - PUBLICATION, DISTRIBUTION, ETC.
Place of publication, distribution, etc. [United States] :
Name of publisher, distributor, etc. Paramount Home Entertainment,
Date of publication, distribution, etc. c2010.
300 ## - PHYSICAL DESCRIPTION
Extent 1 videodisc (98 min.) :
Other physical details sd., col. ;
Dimensions 4 3/4 in.
500 ## - GENERAL NOTE
General note Based on the book by Cressida Cowell.
500 ## - GENERAL NOTE
General note DVD release of the 2010 motion picture.
500 ## - GENERAL NOTE
General note Bonus features: trailers, featurettes, and commentary.
508 ## - CREATION/PRODUCTION CREDITS NOTE
Creation/production credits note Music, John Powell.
511 1# - PARTICIPANT OR PERFORMER NOTE
Participant or performer note America Ferrera, Christopher Mintz-Plasse, Craig Ferguson, Gerard Butler, Jay Baruchel, Jonah Hill, Kristen Wiig.
520 ## - SUMMARY, ETC.
Summary, etc. Hiccup is a Viking teenager who aspires to hunt dragons, but doesn't exactly fit in with his tribe's longstanding tradition of heroic dragon slayers. His world gets turned upside down when he encounters a dragon that challenges him and his fellow Vikings to see the world from an entirely different point of view.
521 8# - TARGET AUDIENCE NOTE
Target audience note MPAA rating: PG; for sequences of intense action and some scary images, and brief mild language.
538 ## - SYSTEM DETAILS NOTE
System details note DVD ; widescreen presentation ; Dolby digital 5.1 surround (English, French and Spanish) and 2.0 stereo. surround (English).
546 ## - LANGUAGE NOTE
Language note In English, French or Spanish, with optional subtitles in English, French or Spanish ; optional descriptive audio in English for the visually impaired. Closed-captioned.
650 #0 - SUBJECT ADDED ENTRY--TOPICAL TERM
Topical term or geographic name entry element Vikings
Form subdivision Juvenile films.
650 #0 - SUBJECT ADDED ENTRY--TOPICAL TERM
Topical term or geographic name entry element Dragons
Form subdivision Juvenile films.
650 #0 - SUBJECT ADDED ENTRY--TOPICAL TERM
Topical term or geographic name entry element Animated films.
700 1# - ADDED ENTRY--PERSONAL NAME
Personal name Sanders, Chris
Fuller form of name (Christopher Michael)
700 1# - ADDED ENTRY--PERSONAL NAME
Personal name Deblois, Dean.
700 1# - ADDED ENTRY--PERSONAL NAME
Personal name Davies, William.
700 1# - ADDED ENTRY--PERSONAL NAME
Personal name Ferrera, America,
Dates associated with a name 1984-
700 1# - ADDED ENTRY--PERSONAL NAME
Personal name Mintz-Plasse, Christopher,
Dates associated with a name 1989-
700 1# - ADDED ENTRY--PERSONAL NAME
Personal name Ferguson, Craig,
Dates associated with a name 1962-
700 1# - ADDED ENTRY--PERSONAL NAME
Personal name Butler, Gerard,
Dates associated with a name 1969-
700 1# - ADDED ENTRY--PERSONAL NAME
Personal name Baruchel, Jay,
Dates associated with a name 1982-
700 1# - ADDED ENTRY--PERSONAL NAME
Personal name Hill, Jonah,
Dates associated with a name 1983-
700 1# - ADDED ENTRY--PERSONAL NAME
Personal name Wiig, Kristen,
Dates associated with a name 1973-
710 2# - ADDED ENTRY--CORPORATE NAME
Corporate name or jurisdiction name as entry element DreamWorks Animation.
710 2# - ADDED ENTRY--CORPORATE NAME
Corporate name or jurisdiction name as entry element Paramount Home Entertainment (Firm)
730 0# - ADDED ENTRY--UNIFORM TITLE
Uniform title How to train your dragon (Motion picture)
Holdings
Withdrawn status Lost status Damaged status Not for loan Home library Current library Shelving location Date acquired Total checkouts Full call number Barcode Date last seen Price effective from Koha item type
        Fairview Fairview General stacks 22/03/2026   791.43/72 22 BC0010952 22/03/2026 22/03/2026 Books